| 000 | 00773nam a2200253 a 4500 | ||
|---|---|---|---|
| 008 | |||
| 020 | _a9781843549666 (pbk.) | ||
| 049 | _aMAIN | ||
| 090 |
_aHC79.H53 _bLEV |
||
| 100 | 1 | _aLevis, Kieran. | |
| 245 | 1 | 0 |
_aWinners & Losers : _bcreators and casualties of the age of the internet / _cKieran Levis |
| 260 |
_aLondon : _bAtlantic-Books, _c2009. |
||
| 300 |
_a417 p. ; _c19 cm. |
||
| 500 | _aIncludes index. | ||
| 504 | _aIncludes bibliographical references. | ||
| 650 | _aEntrepreneurship. | ||
| 650 |
_aHigh technology industries _vcase studies. |
||
| 650 | 1 | _aMarket creation | |
| 907 |
_a.b10335559 _b16-04-14 _c03-10-13 |
||
| 003 | |||
| 005 | 20230123122030.0 | ||
| 040 | _cNUST | ||
| 942 |
_cBOOKS _kHC79.H53 _mLEV |
||
| 999 |
_c126617 _d126617 |
||